Del folklore antillano afrofrancés /

Guardado en:
Bibliografiske detaljer
Hovedforfatter: Ortíz Fernández, Fernando, 1881-1969
Format: Ukendt
Sprog:Spanish
Fag:
Tags: Tilføj Tag
Ingen Tags, Vær først til at tagge denne postø!

MARC

LEADER 000000000a22000000004500
001 006660
041 0 |a spa 
100 1 |a Ortíz Fernández, Fernando, 1881-1969 
245 1 0 |a Del folklore antillano afrofrancés /   |c Fernando Ortíz Fernández. 
310 |a trimestral 
650 4 |a FOLKLORE 
650 4 |a  ANTILLAS 
650 4 |a COSTUMBRES Y TRADICIONES 
773 0 |d Cuba : Casa del Caribe  |t Revista del Caribe  |g volumen 4, número 8 (1987), páginas 61-65 
942 |c ARC 
999 |c 12942  |d 12942